000 00816nam a22002177a 4500
008 111212t xxu||||| |||| 00| 0 eng d
020 _a0131912070
050 _aHB172.P531
100 _aPindyck, Robert S.
_cMicroeconomics
245 _aMicroeconomics /
_cRobert S. Pindyck ; Daniel L. Rubinfeld
250 _a6th
260 _aNew Jersey:
_bPearson Prentice;
_cc2005.
300 _axxix, 720p.
_bill.
_c25.4cm
500 _aIncludes index.
505 _aContents: Markets and prices -- Producers, consumers and competitive markets -- Market structure and competitive strategy -- Information market failure and the role of government
_rRobert S. Pindyck ; Daniel L. Rubinfeld
650 _aMicroeconomics.
650 _aGame theory.
650 _aCases.
700 _aRubinfeld, Daniel L.
942 _2lcc
_cBK
999 _c374
_d7874